000 00718nam a2200289Ia 4500
005 20260324111907.0
008 008 260324s9999 xx 000 0 eng d
020 _a9781003602712
037 _aEBOOK
040 _aCRL
040 _beng
040 _cCRL
041 _2eng
041 _aeng
084 _qCRL
100 _aElwin Susan John; Amal P Mathews
_91140450
245 0 _aRecall and Retell
245 0 _bLiterary Registers of Memory, Identity, and Resistance in India
260 _bTaylor and Francis
260 _c2025
365 _a
365 _b230
856 _uhttp://www.taylorfrancis.com/books/9781003602712
942 _cEBOOK
999 _c1729428
_d1729428